The Heinle picture dictionary
Збережено в:
| Формат: | Книга |
|---|---|
| Мова: | Англійська |
| Опубліковано: |
Boston
Thomson Heinle
2005
|
| Редагування: | 1a. ed |
| Предмети: | |
| Теги: |
Додати тег
Немає тегів, Будьте першим, хто поставить тег для цього запису!
|
MARC
| LEADER | 00000nam a2200000 a 4500 | ||
|---|---|---|---|
| 001 | UCJ0347 | ||
| 003 | CL-VaPUC | ||
| 008 | 060721e20050000US |||||||||||||||||eng|d | ||
| 020 | |a 0838444008 | ||
| 082 | 0 | 4 | |a 418.003 |b HEI |2 21 |
| 245 | 1 | 4 | |a The Heinle picture dictionary |
| 250 | |a 1a. ed | ||
| 300 | |a 262 p | ||
| 942 | |c BK | ||
| 945 | |d 20060721 00:00:00 |a cmena | ||
| 260 | |a Boston |b Thomson Heinle |c 2005 | ||
| 500 | |a Complementario con Cd-Rom | ||
| 650 | 0 | |a Diccionarios |9 256200 | |
| 650 | 0 | |a Métodos de enseñanza |9 270413 | |
| 650 | 0 | |a Enseñanza del inglés |9 367340 | |
| 650 | 0 | |a Lengua inglesa |9 318842 | |
| 650 | 0 | |a Educación lingüística |9 306506 | |
| 583 | |a last modification |c 20130305 04:04:18 |k Rodrigo Vera | ||
| 999 | |c 317209 |d 317207 | ||
| 952 | |0 0 |1 0 |4 0 |6 418_003000000000000_HEI_2005 |7 0 |8 X |9 393231 |a BIBEDU |b BIBEDU |d 2019-11-22 |i 4258436 |o 418.003 HEI 2005 |p 4258436 |r 2023-01-13 |w 2019-11-22 |y BK_X |k LIT | ||